Algeria True or False? - Statistics

General Stats
  • This quiz has been taken 89 times
  • The average score is 13 of 15
Answer Stats
Question Answer % Correct
The capital of Algeria is Cairo False
100%
Algeria is mainly rainforest False
100%
Algeria borders the Mediterranean Sea True
100%
Oran is a city in Algeria True
100%
Algeria was a French colony True
100%
More people live in the South False
95%
Algeria borders Egypt False
95%
Algeria is the biggest country in Africa True
95%
The flag of Algeria consists of 3 colours, green white and red True
91%
Algeria gained independence in 1962 True
82%
Algeria drives on the left side of the road False
73%
The population of Algeria is over 45 million True
68%
Arabic is spoken all around Algeria True
68%
Seven countries border Algeria False
55%
Algeria has a bigger land area than Kazakhstan False
50%
No matching quizzes found
Score Distribution
Percent of People with Each Score
Percentile by Number Answered
Your Score History
You have not taken this quiz